000 00259nam a2200109Ia 4500
008 220204s9999 xx 000 0 und d
082 _a82-3
_bKAS
100 _aKastle, Herbert
245 0 _aCountdown to murder
260 _aLondon
_bGranada
_c1961
942 _cBK
999 _c32907
_d32907